| 000 | 00843nam a2200301Ia 4500 | ||
|---|---|---|---|
| 003 | OSt | ||
| 005 | 20221007120824.0 | ||
| 006 | a|||||r|||| 00| 0 | ||
| 007 | ta | ||
| 008 | 221006b |||||||| |||| 00| 0 eng d | ||
| 020 | _a0333931181 (pbk) | ||
| 024 | _a8691 | ||
| 037 |
_bN R Book, _cTextual |
||
| 040 |
_aBDL _cBDL _beng |
||
| 041 |
_2eng _aeng |
||
| 082 | _aJ:(I), N8 | ||
| 100 |
_aKochhar SL _9710078 |
||
| 245 | 0 | _aEconomic botany in the tropics | |
| 250 | _a2 | ||
| 260 |
_aDelhi _bMacmillan India Ltd _c1998 |
||
| 300 |
_axxiv, 604p ill. _ccm. |
||
| 500 | _aAppendix I-IX 525-552p; Bibliographical references 553-574p; Index 575-604p | ||
| 650 | _a Economic | ||
| 650 |
_a Tropical _9710079 |
||
| 650 | _aBotany | ||
| 942 |
_hJ:(I), N8 _cTEXL _2CC |
||
| 999 |
_c1208062 _d1208062 |
||